000 00762nam a22002417a 4500
003 DO-SdBNP
005 20240228130510.0
007 ta
008 221123b2022 dr ||||| |||| 00| 0 spa d
020 _a9789945222135
040 _aDO-SdBNP
_bspa
_cBNPHU
082 4 _aRD864.44
_bG934e
_222
100 1 _aGuerrero, Laureano,
_d1952-
_977343
245 1 3 _aEl bueno, el malo y el feo :
_bensayo /
_cLaureano Guerrero
260 _aSanto Dominicana :
_bBúho,
_c2022.
300 _a122 p. ;
_c23 cm.
500 _aIncluye datos biográficos del autor en la solapa de la cubierta
590 _aInventariado, 2022/BT
650 4 _aEnsayos dominicanos
650 4 _aLiteratura dominicana
910 _aBtavárez/Validado. Control de calidad MFF
942 _2ddc
_cLBS1
999 _c52993
_d52993